King Henry VI part 2 : William Shakespeare ; edited by Andrew S. Cairncross
| Main Author: | |
|---|---|
| Format: | Book |
| Published: |
London :
Routledge ,
1988
|
| Series: | The Arden Shakespeare
|
| Subjects: |
MARC
| LEADER | 00000cam a2200000 7i4500 | ||
|---|---|---|---|
| 001 | 0000001674 | ||
| 002 | 000001825 | ||
| 005 | 20080124.0 | ||
| 020 | |a 0415026857 | ||
| 090 | 0 | 0 | |a 822.33 |b SHA |
| 100 | 1 | |a Shakespeare, William | |
| 245 | 1 | 0 | |a King Henry VI part 2 : |b William Shakespeare ; edited by Andrew S. Cairncross |
| 260 | |a London : |b Routledge , |c 1988 | ||
| 300 | |a 197 p. ; |c 20 cm. | ||
| 490 | 0 | |a The Arden Shakespeare | |
| 650 | 0 | 0 | |a King Henry VI |x Drama |
| 999 | |a 034074 |b BUKU |c PINJAMAN |e PERPUSTAKAAN KOMUNITI PETALING JAYA | ||